Metrológia striedavých vysokých napätí

Saved in:
Bibliographic Details
Main Author: Kmeť, Branislav (Author)
Other Authors: Šandrik, Pavol, 1938- (Thesis advisor)
Format: Manuscript Book
Language:Slovak
Published: Bratislava : STU v Bratislave FEI, 2002
Subjects:
Tags: Add Tag
No Tags, Be the first to tag this record!

MARC

LEADER 00000ntm a22000003a 4500
001 stu78813
005 20160719164747.6
008 030130s2002------------------------slo-d
040 |a STU  |b slo 
041 0 |a slo 
100 1 |a Kmeť, Branislav  |4 aut 
245 1 |a Metrológia striedavých vysokých napätí 
260 |a Bratislava :  |b STU v Bratislave FEI,  |c 2002 
300 |a 49 s 
650 7 |a Elektroenergetické a silnoprúdové inžinierstvo  |2 stusub 
700 1 |a Šandrik, Pavol,  |d 1938-  |4 ths  |u E130  |U FEI Fakulta elektrotechniky a informatiky  |T FEI Katedra elektroenergetiky  |X 4259  |U E130  |Y 59  |7 A000004259